Implementation of environmental management systems in the Slovak Republic

Environmental management systems (EMS) - environmentálne riadiace systémy. História EMS. Súčasný stav certifikácie EMS v Slovenskej republike - ISO 14001. Registrácia EMAS (Eco-management and audit scheme) na Slovensku. Riešenie pre malé a stredné podniky.

Enregistré dans:
Détails bibliographiques
Auteur principal: Majerník, Milan
Autres auteurs: Chovancová, Jana
Format: Chapitre de livre
Langue:anglais
Sujets:
Tags: Ajouter un tag
Pas de tags, Soyez le premier à ajouter un tag!

MARC

LEADER 00000naa$a2200000$$$4500
001 0114627
005 20220715120533.3
041 0 |a eng 
044 |a SK 
245 1 0 |a Implementation of environmental management systems in the Slovak Republic  |c Milan Majerník, Jana Chovancová 
520 |a Environmental management systems (EMS) - environmentálne riadiace systémy. História EMS. Súčasný stav certifikácie EMS v Slovenskej republike - ISO 14001. Registrácia EMAS (Eco-management and audit scheme) na Slovensku. Riešenie pre malé a stredné podniky. 
610 2 0 |a manažment environmentálny 
610 2 0 |a systémy riadenia 
610 2 0 |a história 
610 2 0 |a certifikácia 
610 2 0 |a normy ISO 
610 2 0 |a podnik malý 
610 2 0 |a podnik stredný 
610 2 0 |a Slovensko 
100 1 |a Majerník, Milan 
700 1 |a Chovancová, Jana